=LDR 00000nam 2200000 4500 =001 INLIS000000000810140 =005 20251027013144 =035 ##$$a 0010-1025000123 =007 ta =008 251027###########################0###### =020 ##$$a 9789790392892 =082 ##$$a 297.63 =084 ##$$a 297.63 SYI b =245 ##$$a Biografi Imam Ahmad: Kehidupan, Sikap, dan Pendapatnya /$c Abdul Aziz Asy-Syinawi =260 ##$:$b Aqwam =300 ##$; $c 24 cm